| 000 | | | 03992nac2a22002891x 450 |
| 001 | | | 059f33ee-8049-42ca-86a8-8d02e44d0be9 |
| 005 | | | 20160428031312.0 |
| 100 | ## | $a | 20160225l1921 k y0rusy50 ca |
| 101 | 0# | $a | rus |
| 102 | ## | $a | RU |
| 105 | ## | $a | y z ||||| |
| 122 | 0# | $a | d19210125 |
| 200 | 1# | $a | Протокол № 407 заседания Большого Совета Народных Комиссаров от 25 января 1921 г. и материалы к протоколу |
| | $j | 25 января 1921 |
| 215 | ## | $a | 33 листа |
| 251 | ## | $c | Дело |
| 300 | ## | $a | Заголовок дела на папке: Протокол № 407 заседания Большого Совнаркома от 25 января 1921 года и материалы к протоколу |
| 300 | ## | $a | Рукописный и машинописный текст |
| 324 | ## | $a | Копии |
| 325 | ## | $a | Замикрофильмировано |
| 330 | ## | $a | Входит в раздел описи: Управление Делами Секретариат. I. Протоколы. б/ Протоколы Большого Совета Народных комиссаров |
| 461 | #0 | $1 | 001ad6baeac-e292-4829-90d1-2f4f65796a62 |
| | $1 | 2001 |
| | $a | СОВЕТ НАРОДНЫХ КОМИССАРОВ РСФСР (СНК РСФСР) |
| | $1 | 251 |
| | $c | Фонд |
| | $1 | 852 |
| | $j | 130 |
| | $g | Р |
| 462 | #0 | $1 | 001749580a7-5abb-40c4-a39c-e540631a040a |
| | $1 | 2001 |
| | $a | 1921 г. |
| | $v | Д. 4 |
| | $1 | 251 |
| | $c | Опись |
| | $1 | 852 |
| | $j | 5 |
| 517 | 1# | $a | Протокол № 407 заседания Большого Совнаркома от 25 января 1921 года и материалы к протоколу |
| 601 | 01 | $3 | RU\NLR\AUTH\661074810 |
| | $a | РСФСР |
| | $b | Совет Народных Комиссаров |
| 801 | #0 | $a | RU |
| | $b | GA_RF |
| 801 | #1 | $a | RU |
| | $b | НПО Опыт |
| | $c | 20160225 |
| | $2 | rusmarc |
| 801 | #2 | $a | RU |
| | $b | ПБ им. Б.Н. Ельцина |
| | $c | 20160428 |
| | $g | RCR |
| | $2 | rusmarc |
| 852 | ## | $a | ГА РФ |
| | $j | 4 |
| 937 | ## | $d | 72987894 |
| | $h | ПБ |
| 035 | ## | $a | RuPRLIB51037034 |